000 00723nam a2200253Ia 4500
008 191130s2010##################000#0#eng##
020 _a9780749456627
022 _a2009042336
040 _aACL
_cACL
082 _a658.452 BRA
100 _aBradbury, Andrew
245 _aSuccessful presentation skills
_cAndrew Bradbury
250 _a4th ed
260 _aLondon
_bKogan Page
_c2010
300 _avii, 156 p. : ill. ; 22 cm
500 _aAt head of title: The Sunday Times
650 _aBusiness presentations
650 _aOral communication
650 _aPresentation graphics software
650 _aPublic speaking
990 _a2940cff0ac10000c553aa5ace2d695fd
991 _a147022
999 _c291797
_d291797